Noches áticas. tomo 2 /

Guardado en:
Autor Principal: Gelio, Aulo
Formato: Libro
Publicado: Madrid : Hernando, 1893
Etiquetas: Agregar Etiqueta
Sin Etiquetas, Sea el primero en etiquetar este registro!
LEADER 00391nam a22001455a 4500
001 CEM.cems002828
005 20060221000000.0
008 130507s1893##################000#0#####d
003 CEMS
082 0 4 |a 080 
100 1 |a Gelio, Aulo 
245 1 0 |a Noches áticas. tomo 2 /  |c Aulo Gelio 
260 |a Madrid :  |b Hernando,  |c 1893 
300 |a 386 p. 
859 |a CEMS  |b BIB. CEMS - 11 de abril  |h 080  |i G282/2  |p 218.73  |t Ej.1